000 00425nmm a2200145Ia 4500
008 251105s9999||||xx |||||||||||||||||und||
041 _aspa
100 _aPeñálver, Mónica
245 0 _aCorazón de la doncella :
_b Serie Todas para una 2
264 _a[Madrid, España] :
_bEdiciones B,
_c2015
300 _a237 páginas
650 _aRomance
856 _uhttps://public.digitaliapublishing.com/a/54244
942 _cCF
999 _c105295
_d105295